Statystyki dla Rzeki Polski z mapą (wersja trudna)

Kliknij tutaj aby rozwiązać quiz!

Ogólne statystyki

  • Ten quiz został rozwiązany 8 171 razy
    (2 403 od ostatniego zresetowania)
  • Średni wynik to 32 z 100

Odpowiedzi na mapie

Odpowiedzi skodowane kolorowo w zielono-czerwonej skali na mapie do tego quizu, zgodnie z poniższymi procentami.
 

Statystyki odpowiedzi

Rzeka% Poprawnych
Wisła
97%
Odra
95%
Warta
90%
Bug
87%
San
82%
Narew
78%
Wieprz
76%
Noteć
75%
Dunajec
73%
Nysa Łużycka
72%
Pilica
69%
Nysa Kłodzka
68%
Bóbr
67%
Wisłok
63%
Brda
60%
Biebrza
55%
Wda
54%
Bzura
52%
Wisłoka
52%
Wkra
52%
Czarna
48%
Nida
47%
Parsęta
47%
Drwęca
46%
Rega
45%
Słupia
45%
Łyna
44%
Obra
43%
Prosna
43%
Drawa
42%
Łeba
42%
Barycz
39%
Gwda
38%
Raba
38%
Soła
38%
Pasłęka
37%
Ina
35%
Biała
33%
Nogat
32%
Bystrzyca
31%
Czarna Hańcza
31%
Mała Panew
29%
Wieprza
29%
Skawa
27%
Kwisa
26%
Poprad
26%
Kamienna
25%
Krzna
25%
Pisa
25%
Omulew
22%
Radomka
21%
Wełna
21%
Czarna Nida
20%
Ner
20%
Wierzyca
20%
Kaczawa
19%
Oława
19%
Przemsza
19%
Tanew
19%
Osa
18%
Biała Nida
17%
Ełk
17%
Skrwa
17%
Widawa
17%
Orzyc
16%
Radunia
16%
Liwiec
15%
Łupawa
15%
Olza
15%
Ślęza
15%
Świder
15%
Biała Przemsza
14%
Czarna Przemsza
14%
Stobrawa
14%
Białka
13%
Liswarta
12%
Nurzec
12%
Rawka
12%
Ropa
12%
Supraśl
12%
Liwa
11%
Płonia
11%
Prądnik
11%
Radew
11%
Widawka
11%
Iłżanka
10%
Jasiołka
10%
Strwiąż
10%
Szreniawa
10%
Guber
9%
Orawa
9%
Tyśmienica
9%
Lubaczówka
8%
Osława
8%
Rozoga
8%
Sokółka
8%
Huczawa
7%
Brynica
5%

Rozkład punktacji

Percentyl według liczby udzielonych odpowiedzi

Procent ludzi z każdym wynikiem

Twoja historia wyników

Nie rozwiązałeś tego quizu od ostatniego zresetowania